000
00340nam a2200145Ia 4500
005
20250603145024.0
008
250603s9999 xx 000 0 und d
020
_a
9783945852538
050
_a
NA 2542.35 .K56/
100
_a
Kincaid, Jamaica
245
0
_a
Garden Futures
260
_b
Vitra Design Museum
260
_c
2023
942
_c
BK
999
_c
40640
_d
40640